Loading...
Kerala High Court Act,Rules and Practice
| Main Author: | |
|---|---|
| Format: | Printed Book |
| Language: | English |
| Published: |
Faridabad
Navin publication
2003
|
| LEADER | 00494nam a22001337a 4500 | ||
|---|---|---|---|
| 008 | 130503b xxu||||| |||| 00| 0 eng d | ||
| 082 | |a 347.548 303 5 MOO'03 | ||
| 100 | |a Moothath,Parameswaran P |9 188 | ||
| 245 | |a Kerala High Court Act,Rules and Practice | ||
| 260 | |a Faridabad |b Navin publication |c 2003 | ||
| 300 | |a xx,302p. | ||
| 942 | |2 ddc |c REF | ||
| 999 | |c 541 |d 541 | ||
| 952 | |0 0 |1 0 |2 ddc |4 0 |6 347_035000000000000_PAR02 |7 0 |9 11917 |a NUALS |b NUALS |c GEN |d 2015-11-30 |l 0 |o 347.035 PAR'02 |p 3207 |r 2015-11-30 |w 2015-11-30 |y BK | ||